| 000 | 00949nam a2200277 i 4500 | ||
|---|---|---|---|
| 001 | 000013335 | ||
| 003 | DO-SdBNP | ||
| 005 | 20250626145313.0 | ||
| 007 | ta | ||
| 008 | 091123s1977 dr a 000 0 spa d | ||
| 040 |
_aDO-SdBNP _bspa _cBNPHU _erda |
||
| 041 | _arda | ||
| 082 | 4 |
_aRD860. 44 _bP259a _222 |
|
| 100 | 1 |
_aParra, José Luis _eautor _930531 _4aut. |
|
| 245 | 1 | 0 |
_aArtículos a dos dedos / _cJosé Luis Parra ; prólogo, Antonio Zaglul. |
| 264 |
_aSanto Domingo, República Dominicana : _bEditora Del Caribe, _c1977. |
||
| 300 |
_a156 páginas : _bilustraciones ; _c23 cm. |
||
| 336 |
_atexto _btxt _2rdacontent |
||
| 337 |
_asin mediación _bn _2rdamedia |
||
| 338 |
_avolumen _bnc _2rdacarrier |
||
| 500 | _aIncluye datos biográficos del autor en la solapa de la cubierta | ||
| 500 | _aIncluye notas | ||
| 650 | 0 |
_aLiteratura dominicana. _967 |
|
| 700 | 1 |
_aZaglul, Antonio, _d1920-1996 _eprologuista _969657 _4pr. |
|
| 942 |
_2ddc _cLBS1 |
||
| 999 |
_c12963 _d12963 |
||